LEADER 01161naa a2200217 u 4500 001 000000096715 003 CaOOAMICUS 005 20070226130147.0 008 041116s1998 it u000 u ita u 020 $a8885669816 035 $a11015499 040 $aIAR$bita 100 1 $aMazzacane, Lello.$0(OLS)http://pul/name/47616 245 10$aNuovi percorsi conoscitivi nell'iconigrafia votiva della Madonna dell'Arco /$cLello Mazzacane. 260 $aRoma :$bViella,$c1998. 300 $aS. 381-400 ;$c21 cm 773 0 $aScrivere di santi : atti del II Convegno di studio dell'Associazione italiana per lo studio della santità, dei culti e dell'agiogafia. 773 0 $aAssociazione italiana per lo studio della santità, dei culti e dell'agiografia.$tScrivere di santi : atti del II Convegno di studio dell'Associazione italiana per lo studio della santità, dei culti e dell'agiografia, Napoli, 22-25 ottobre 1997$w()43462 996 $6020$a8885669816$9(OLS)http://pul/number/54190 996 $6245$aNuovi percorsi conoscitivi nell'iconigrafia votiva della Madonna dell'Arco$9(OLS)http://pul/title/123597 996 $6260$aRoma :$bViella$9(OLS)http://pul/publisher/54599 LEADER 02489nam a2200361 a 4500 001 000000122318 003 CaOOAMICUS 005 20100622155125.0 008 100622s1584 it 001 udlat r 026 $a.A.B um.l$btqta actl (3)$c1584 (R) 040 $aPUL(R)$bita$dSara 130 0 $aCorpus iuris civilis$pInstitutiones$f1584.$0(OLS)http://pul/title/154007 245 10$aInstitutionum sive Primorum totius iurisprudentiae elementorum, libri quatuor DN. Iustiniani ... commentariis Accursii, et multorum insuper aliorum doctorum hominum scholiis, et novissime Cuiacii observationibus illustrati ... Accessit ad voluminis calcem, ipsius Iustiniani imperatoris vita, ex variis authoribus opera Aegidii Perrini ...diligenter collecta. 246 30$aPrimorum totius iurisprudentiae elementorum libri quatuor 260 $aVenetiis :$bsub signo Aquilae renovantis,$c1584. 300 $a[16] c., 576 col. ;$cfol. (42 cm). 500 $aFront. e testo in rosso e nero. 500 $aSegnatura: a8 e8 A-S8. 500 $aMarca tipografica sul front.: Aquila che becca una roccia. In cornice figurata. Motto: "Renovabitur vt aquila iuventus tua" (T54 - V322). 500 $aIniziali xil. 500 $aInclude indici. 662 $aItalia$dVenezia.$0(OLS)http://pul/subject/34951 700 0 $aAccursius,$cFranciscus,$dc. 1182-1263.$0(OLS)http://pul/name/5261 700 1 $aCujas, Jacques,$d1522-1590.$0(OLS)http://pul/name/104 700 1 $aPerrin, Gilles.$0(OLS)http://pul/name/76732 710 2 $aSocietà dell'Aquila che si rinnova$4pbl.$0(OLS)http://pul/name/76699 850 $aPUL 852 $aPUL$W1$xDP1 Antico 500$y12$m185 F 5 int.2$j140437$qStampati antico$B139574$CPULBib$Z2$F139574 $82 941 1 $a15 961 $aTitolo mss sul taglio di piede: "Volumen parvum".Precedente collocazione sulla controguardia anteriore: C-X-2.Rilegato con 185 F 5 int.1. 996 $6246$aPrimorum totius iurisprudentiae elementorum libri quatuor$9(OLS)http://pul/title/154009 996 $6245$aInstitutionum sive Primorum totius iurisprudentiae elementorum, libri quatuor DN. Iustiniani ... commentariis Accursii, et multorum insuper aliorum doctorum hominum scholiis, et novissime Cuiacii observationibus illustrati ... Accessit ad voluminis calcem, ipsius Iustiniani imperatoris vita, ex variis authoribus opera Aegidii Perrini ...diligenter collecta$9(OLS)http://pul/title/154008 996 $6260$aVenetiis :$bsub signo Aquilae renovantis$9(OLS)http://pul/publisher/54537